<?xml version="1.0" encoding="UTF-8"?>
<record
    xmlns:xsi="http://www.w3.org/2001/XMLSchema-instance"
    xsi:schemaLocation="http://www.loc.gov/MARC21/slim http://www.loc.gov/standards/marcxml/schema/MARC21slim.xsd"
    xmlns="http://www.loc.gov/MARC21/slim">

  <leader>01275nam a22003497a 4500</leader>
  <controlfield tag="001">BRCA_9353</controlfield>
  <controlfield tag="003">FranzMayer</controlfield>
  <controlfield tag="005">20230918122204.0</controlfield>
  <controlfield tag="008">230828b        |||||||| |||| 00| 0 eng d</controlfield>
  <datafield tag="020" ind1=" " ind2=" ">
    <subfield code="a">9789685852302</subfield>
  </datafield>
  <datafield tag="040" ind1=" " ind2=" ">
    <subfield code="a">MFM</subfield>
    <subfield code="b">espa&#xF1;ol</subfield>
    <subfield code="c">MFM</subfield>
  </datafield>
  <datafield tag="050" ind1=" " ind2="0">
    <subfield code="a">NK1390</subfield>
    <subfield code="b">D47 2010</subfield>
  </datafield>
  <datafield tag="110" ind1="1" ind2=" ">
    <subfield code="4">Responsable</subfield>
    <subfield code="a">Disegnio</subfield>
    <subfield code="b">Teor&#xED;a y pr&#xE1;ctica</subfield>
    <subfield code="9">29303</subfield>
  </datafield>
  <datafield tag="240" ind1=" " ind2=" ">
    <subfield code="a">Dise&#xF1;o e historia </subfield>
    <subfield code="h">Tiempo, lugar y discurso</subfield>
    <subfield code="l">Espa&#xF1;ol</subfield>
  </datafield>
  <datafield tag="245" ind1="0" ind2=" ">
    <subfield code="a">Dise&#xF1;o e historia </subfield>
    <subfield code="b">Tiempo, lugar y discurso</subfield>
  </datafield>
  <datafield tag="260" ind1=" " ind2=" ">
    <subfield code="a">M&#xE9;xico</subfield>
    <subfield code="b">Editorial Designio</subfield>
    <subfield code="c">2010</subfield>
  </datafield>
  <datafield tag="300" ind1=" " ind2=" ">
    <subfield code="a">186 p</subfield>
    <subfield code="b">Ilustraciones</subfield>
    <subfield code="c">23 cm</subfield>
  </datafield>
  <datafield tag="500" ind1=" " ind2=" ">
    <subfield code="a">Anexo 1</subfield>
  </datafield>
  <datafield tag="500" ind1=" " ind2=" ">
    <subfield code="a">Con dedicatoria para H&#xE9;ctor.</subfield>
  </datafield>
  <datafield tag="505" ind1=" " ind2=" ">
    <subfield code="a">Texto en: espa&#xF1;olIncluye &#xED;ndice tem&#xE1;ticoIncluye informaci&#xF3;n de los autoresDirigido a: dise&#xF1;adores e historiadores del arte</subfield>
  </datafield>
  <datafield tag="650" ind1="1" ind2=" ">
    <subfield code="2">Dise&#xF1;o</subfield>
    <subfield code="a">Historia</subfield>
    <subfield code="v">Historia del arte</subfield>
    <subfield code="9">29304</subfield>
  </datafield>
  <datafield tag="700" ind1="1" ind2=" ">
    <subfield code="4">Autor</subfield>
    <subfield code="a">Salinas Flores, Oscar</subfield>
    <subfield code="9">29305</subfield>
  </datafield>
  <datafield tag="700" ind1="1" ind2=" ">
    <subfield code="4">Autor</subfield>
    <subfield code="a">Pelta, Raquel</subfield>
    <subfield code="9">29306</subfield>
  </datafield>
  <datafield tag="700" ind1="1" ind2=" ">
    <subfield code="4">Autor</subfield>
    <subfield code="a">Calvera, Anna</subfield>
    <subfield code="9">29307</subfield>
  </datafield>
  <datafield tag="700" ind1="1" ind2=" ">
    <subfield code="4">Autor</subfield>
    <subfield code="a">Campi, Isabel</subfield>
    <subfield code="9">29308</subfield>
  </datafield>
  <datafield tag="700" ind1="1" ind2=" ">
    <subfield code="4">Autor</subfield>
    <subfield code="a">Julier, Guy</subfield>
    <subfield code="9">29309</subfield>
  </datafield>
  <datafield tag="700" ind1="1" ind2=" ">
    <subfield code="4">Autor</subfield>
    <subfield code="a">Narotzky, Viviana</subfield>
    <subfield code="9">29310</subfield>
  </datafield>
  <datafield tag="700" ind1="1" ind2=" ">
    <subfield code="4">Autor</subfield>
    <subfield code="a">Freixa, mireia</subfield>
    <subfield code="9">29311</subfield>
  </datafield>
  <datafield tag="700" ind1="1" ind2=" ">
    <subfield code="4">Autor</subfield>
    <subfield code="a">Bay&#xF3;, Concha</subfield>
    <subfield code="9">29312</subfield>
  </datafield>
  <datafield tag="710" ind1="1" ind2=" ">
    <subfield code="4">Cool</subfield>
    <subfield code="a">FHD</subfield>
    <subfield code="9">29313</subfield>
  </datafield>
  <datafield tag="942" ind1=" " ind2=" ">
    <subfield code="2">lcc</subfield>
    <subfield code="c">B</subfield>
  </datafield>
  <datafield tag="999" ind1=" " ind2=" ">
    <subfield code="c">10975</subfield>
    <subfield code="d">10975</subfield>
  </datafield>
  <datafield tag="952" ind1=" " ind2=" ">
    <subfield code="0">0</subfield>
    <subfield code="1">0</subfield>
    <subfield code="2">lcc</subfield>
    <subfield code="4">0</subfield>
    <subfield code="7">0</subfield>
    <subfield code="8">FCON</subfield>
    <subfield code="a">BRCA</subfield>
    <subfield code="b">BRCA</subfield>
    <subfield code="d">2023-08-28</subfield>
    <subfield code="l">0</subfield>
    <subfield code="o">NK1390 D47 2010</subfield>
    <subfield code="p">CONT10113</subfield>
    <subfield code="r">2023-08-28 00:00:00</subfield>
    <subfield code="w">2023-08-28</subfield>
    <subfield code="y">B</subfield>
  </datafield>
</record>
